Manacha shodh (Record no. 362385)

MARC details
000 -LEADER
fixed length control field 003190000a22001570004500
005 - DATE AND TIME OF LATEST TRANSACTION
control field 20120302064528.0
040 ## - CATALOGING SOURCE
Original cataloging agency Mar
100 ## - MAIN ENTRY--PERSONAL NAME
Personal name
--
Numeration
Titles and other words associated with a name
245 ## - TITLE STATEMENT
Title Manacha shodh
250 ## - EDITION STATEMENT
Edition statement 2nd
260 ## - PUBLICATION, DISTRIBUTION, ETC. (IMPRINT)
Place of publication, distribution, etc Dombivali:Moraya prakashan,1989.
300 ## - PHYSICAL DESCRIPTION
Extent xi;128p.
365 ## - TRADE PRICE
Price amount 40/-
650 ## - SUBJECT ADDED ENTRY--TOPICAL TERM
Topical term or geographic name as entry element Mana
942 ## - ADDED ENTRY ELEMENTS (KOHA)
Koha item type Book
Holdings
Withdrawn status Lost status Damaged status Not for loan Home library Current library Date acquired Total Checkouts Barcode Date last seen Price effective from
        Institute For Oriental Study, Thane Institute For Oriental Study, Thane 12/02/2009   IOS-M 23438 12/02/2009 12/02/2009